Landmarks by Picture #1 - Statistics

General Stats
  • This quiz has been taken 213 times
  • The average score is 8 of 12
Answer Stats
Picture Answer % Correct
Statue of Liberty
94%
Big Ben
91%
Eiffel Tower
91%
Golden Gate Bridge
87%
Great Wall
86%
Colosseum
81%
Sydney Opera House
80%
Great Pyramids
74%
Burj Khalifa
58%
CN Tower
50%
St Basil's Cathedral
28%
Sky Tower
7%
No matching quizzes found
Score Distribution
Percent of People with Each Score
Percentile by Number Answered
Your Score History
You have not taken this quiz